000 00700nam a2200217 a 4500
001 000044321
003 DO-SdBNP
005 20171019110830.0
007 000044321
008 140613s2014 dr a 000 0 spa d
020 _a9789945583618
040 _aBNPHU
_bspa
_cBNPHU
100 1 _aDomínguez, Franklin
245 1 0 _aDuarte entre los niños :
_bpieza teatral infantil en un solo acto /
_cFranklin Domínguez.
260 _aSanto Domingo :
_bSantuario,
_c2014.
300 _a38 p. :
_bil. ;
_c24 cm.
500 _aIncluye datos biográficos del autor en la solapa de la cubierta
942 _2ddc
_cBK
945 _aInventariado infantil / 2017 VM
956 _aVMATEO
_b10
_c20140613
_lBPMSU
_h0069
999 _c7198
_d7198